Aléatoire Anglais vers Français - Pays - Statistiques

Statistiques générales
  • Ce quiz a été pris 403 fois
  • Le résultat moyen est 19 sur 20
Statistiques - réponses
Anglais Français % Correct
South Africa Afrique du Sud
100%
Algeria Algérie
100%
Germany Allemagne
100%
Andorra Andorre
100%
Armenia Arménie
100%
Australia Australie
100%
Bolivia Bolivie
100%
Bulgaria Bulgarie
100%
Cambodia Cambodge
100%
Cameroon Cameroun
100%
Chile Chili
100%
China Chine
100%
Colombia Colombie
100%
South Korea Corée du Sud
100%
Egypt Égypte
100%
Spain Espagne
100%
Estonia Estonie
100%
United States États-Unis
100%
Ethiopia Éthiopie
100%
Georgia Géorgie
100%
Greece Grèce
100%
Guinea Guinée
100%
Hungary Hongrie
100%
Indonesia Indonésie
100%
Iraq Irak
100%
Italy Italie
100%
Jamaica Jamaïque
100%
Japan Japon
100%
Lithuania Lituanie
100%
North Macedonia Macédoine du Nord
100%
Malaysia Malaisie
100%
Malta Malte
100%
Moldova Moldavie
100%
Mongolia Mongolie
100%
Montenegro Monténégro
100%
Nepal Népal
100%
Peru Pérou
100%
Dominican Republic République Dominicaine
100%
Romania Roumanie
100%
United Kingdom Royaume-Uni
100%
Russia Russie
100%
Saint Lucia Sainte-Lucie
100%
Saint Vincent and the Grenadines Saint-Vincent-et-les-Grenadines
100%
Senegal Sénégal
100%
Serbia Serbie
100%
Singapore Singapour
100%
Somalia Somalie
100%
Sudan Soudan
100%
South Sudan Soudan du Sud
100%
Switzerland Suisse
100%
Syria Syrie
100%
Taiwan Taïwan
100%
Tanzania Tanzanie
100%
Thailand Thaïlande
100%
Tunisia Tunisie
100%
Turkey Turquie
100%
Vietnam Viêt Nam
100%
Belgium Belgique
98%
Finland Finlande
98%
New Zealand Nouvelle-Zélande
98%
Papua New Guinea Papouasie-Nouvelle-Guinée
98%
Albania Albanie
97%
Argentina Argentine
97%
Benin Bénin
97%
Brazil Brésil
97%
Cape Verde Cap-Vert
97%
Comoros Comores
97%
Ivory Coast Côte d'Ivoire
97%
Ecuador Équateur
97%
Equatorial Guinea Guinée Équatoriale
97%
India Inde
97%
Iceland Islande
97%
Lebanon Liban
97%
Morocco Maroc
97%
Mexico Mexique
97%
Namibia Namibie
97%
Republic of the Congo République du Congo
97%
Czech Republic République Tchèque
97%
Slovenia Slovénie
97%
Sweden Suède
97%
Vatican City Vatican
97%
Yemen Yémen
97%
Zambia Zambie
97%
Cyprus Chypre
96%
Denmark Danemark
96%
Ireland Irlande
96%
Jordan Jordanie
96%
Libya Libye
96%
Mauritania Mauritanie
96%
Norway Norvège
96%
Netherlands Pays-Bas
96%
Slovakia Slovaquie
96%
Saudi Arabia Arabie Saoudite
95%
Bhutan Bhoutan
95%
North Korea Corée du Nord
95%
Israel Israël
95%
Kuwait Koweït
95%
Democratic Republic of the Congo République Démocratique du Congo
95%
El Salvador Salvador
95%
Austria Autriche
94%
Croatia Croatie
94%
United Arab Emirates Émirats Arabes Unis
94%
Grenada Grenade
94%
Bosnia and Herzegovina Bosnie-Herzégovine
93%
Uganda Ouganda
93%
Tajikistan Tadjikistan
93%
Azerbaijan Azerbaïdjan
92%
Federated States of Micronesia États Fédérés de Micronésie
91%
Uzbekistan Ouzbékistan
91%
Poland Pologne
91%
Gambia Gambie
90%
Belarus Biélorussie
88%
Eritrea Érythrée
88%
Dominica Dominique
87%
Fiji Fidji
85%
Mauritius Maurice
85%
San Marino Saint-Marin
85%
Marshall Islands Îles Marshall
84%
Solomon Islands Îles Salomon
84%
Turkmenistan Turkménistan
84%
Chad Tchad
82%
Trinidad and Tobago Trinité-et-Tobago
82%
Palau Palaos
81%
Central African Republic République Centrafricaine
79%
Kyrgyzstan Kirghizistan
78%
Bahrain Bahreïn
73%
Sao Tome and Principe Sao Tomé-et-Principe
72%
Barbados Barbade
71%
Guinea-Bissau Guinée-Bissau
71%
Latvia Lettonie
71%
Myanmar Birmanie
68%
Antigua and Barbuda Antigua-et-Barbuda
64%
East Timor Timor Oriental
63%
Saint Kitts and Nevis Saint-Christophe- et-Niévès
59%
Aucun quiz correspondant
Distribution des résultats
% des personnes avec chaque résultat
Percentile par nombre de réponses
Votre historique - résultats
Vous n’avez pas pris ce quiz